000003962 001__ 3962 000003962 005__ 20260410141726.0 000003962 0247_ $$2DOI$$a10.6083/w95050767 000003962 037__ $$aIR 000003962 245__ $$aThree monads for continuations 000003962 269__ $$a1992 000003962 336__ $$aArticle 000003962 520__ $$acse-92-018 000003962 540__ $$fCC BY 000003962 542__ $$fIn copyright - single owner 000003962 691__ $$aOregon Graduate Institute 000003962 7001_ $$aKieburtz, Richard B. 000003962 8564_ $$9949a70cd-bd6e-45b4-97c2-bef53ac4ac52$$s806266$$uhttps://digitalcollections.ohsu.edu/record/3962/files/csetech-279.pdf$$ePublic$$2fed21597b1c185bd3022fc538334be7d$$31 000003962 901__ $$a<p>These documents are archival records. They are retained for historical reference only. </p><p><b>Need an accessible version? Use the "Get Accessible Copy" link above.</b></p> 000003962 905__ $$a/rest/prod/w9/50/50/76/w95050767 000003962 956__ $$aGet Accessible Copy$$uhttps://ohsu.libwizard.com/f/requestaccessibledocument 000003962 980__ $$aScholars Archive